سلوك المستهلك : (رقم التسجيلة. 26994)

تفاصيل مارك
000 -الفاتح
حقل البيانات ثابتة الطول 00686nam a22001937a 4500
003 - محدد رقم الضبط
رقم الضبط OSt
005 - وقت وتاريخ اخر تعامل مع التسجيلة
رقم الضبط 20150408114111.0
008 - عناصر البيانات ثابتة الطول - معلومات عامة
حقل البيانات ثابتة الطول 130126i 2012jo ||||g |||| 00| 0 ara d
020 ## - الرقم الدولى المعيارى للكتب
الرقم الدولى المعيارى للكتاب 9789957504946
040 ## - مصدر الفهرسة
وكالة الفهرسة الأصلية Ma-un
082 ## - رقم تصنيف ديوى العشرى
رقم الطبعة 21
رقم التصنيف 658.8342
رقم المادة غ ح س
100 ## - المدخل الرئيسى - إسم شخصى
الإسم الشخصى الغدير، حمد راشد
9 (RLIN) 19732
245 ## - بيان العنوان
العنوان سلوك المستهلك :
بقية العنوان مدخل متكامل /
بيان المسئوليه,etc حمد راشد الغدير،
الوسيط رشاد محمد يوسف الساعد.
300 ## - الوصف المادى
التعداد 276 ص. :
تفاصيل ماديه اخرى للوعاء إيض. ؛
أبعاد الوعاء 24 سم.
504 ## - تبصرة ببليوجرافية
تبصرة ببليوجرافية,الخ ببليوجرافية : 373- 377
650 ## - المدخل الاضافى بالموضوع-مصطلح موضوعى
9 (RLIN) 14209
مصطلح موضوعي أو اسم جغرافي كعنصر مدخل حماية المستهلك
650 ## - المدخل الاضافى بالموضوع-مصطلح موضوعى
مصطلح موضوعي أو اسم جغرافي كعنصر مدخل المستهلكون
التقسيم الفرعي العام سلوك حياة
9 (RLIN) 19733
942 ## - عناصر المدخل الإضافي( كوها)
مصدر التصنيف او مخطط الترفيف Dewey Decimal Classification
Koha [default] item type كتاب
المقتنيات
حالة الفقد نموذج السعر الفعال حالة تلف ليس للاعارة رقم الطلب رقم النسخة تاريخ الاكتساب الموقع الحالي الباركود الفرع الرئيسي Date last seen نوع المادة فى نظام كوها مصدر التصنيف او خطة الترفيف Total Checkouts Total Renewals Date last checked out
  2013-03-10   Not For Loan 658.8342 غ Ø­ س 1 2013-01-26 المكتبة المركزية بالمجمعة (CL) 00301640 المكتبة المركزية بالمجمعة (CL) 2013-03-10 كتاب Dewey Decimal Classification      
  2013-03-10     658.8342 غ ح س 2 2013-01-26 المكتبة المركزية بالمجمعة (CL) 00301641 المكتبة المركزية بالمجمعة (CL) 2013-03-10 كتاب Dewey Decimal Classification      
  2013-03-10     658.8342 غ ح س 3 2013-01-26 المكتبة المركزية بالمجمعة (CL) 00301642 المكتبة المركزية بالمجمعة (CL) 2019-02-06 كتاب Dewey Decimal Classification 2 1 2018-10-17
  2013-03-10   Not For Loan 658.8342 غ ح س 1 2013-01-26 مكتبة كلية التمريض - طالبات (CNF) 00301643 مكتبة كلية التمريض - طالبات (CNF) 2013-03-10 كتاب Dewey Decimal Classification      
  2013-03-10     658.8342 غ ح س 2 2013-01-26 مكتبة كلية التمريض - طالبات (CNF) 00301644 مكتبة كلية التمريض - طالبات (CNF) 2013-03-10 كتاب Dewey Decimal Classification      
  2013-03-10   Not For Loan 658.8342 غ ح س 1 2013-01-26 مكتبة كلية العلوم و الدراسات الإنسانية برماح - طالبات (SRF) 00301645 مكتبة كلية العلوم و الدراسات الإنسانية برماح - طالبات (SRF) 2013-03-10 كتاب Dewey Decimal Classification      
  2013-03-10     658.8342 غ ح س 2 2013-01-26 مكتبة كلية العلوم و الدراسات الإنسانية برماح - طالبات (SRF) 00301646 مكتبة كلية العلوم و الدراسات الإنسانية برماح - طالبات (SRF) 2013-03-10 كتاب Dewey Decimal Classification      
  2013-03-10   Not For Loan 658.8342 غ ح س 1 2013-01-26 مكتبة كلية العلوم و الدراسات الإنسانية برماح - طلاب (SRM) 00301647 مكتبة كلية العلوم و الدراسات الإنسانية برماح - طلاب (SRM) 2013-03-10 كتاب Dewey Decimal Classification      
  2013-03-10     658.8342 غ ح س 2 2013-01-26 مكتبة كلية العلوم و الدراسات الإنسانية برماح - طلاب (SRM) 00301648 مكتبة كلية العلوم و الدراسات الإنسانية برماح - طلاب (SRM) 2013-03-10 كتاب Dewey Decimal Classification